Slaves of slaves : the challenge of Latin American women : Latin American and Caribbean women's collective /

Na minha lista:
Detalhes bibliográficos
Formato: Desconhecido
Idioma:English
Publicado em: Calendonia Road, Londres : Zed, 1980.
Assuntos:
Tags: Adicionar Tag
Sem tags, seja o primeiro a adicionar uma tag!

MARC

LEADER 000000000a22000000004500
001 003656
020 |a 0862320062 
041 0 |a eng 
082 0 4 |a 305.409.8   |b S631s 
245 0 0 |a Slaves of slaves : the challenge of Latin American women : Latin American and Caribbean women's collective /   |c Michael Pallis, traductor 
260 1 |a Calendonia Road, Londres :   |b Zed,   |c 1980. 
300 |a 186 páginas 
500 |a Colección George Yúdice 
650 4 |a FEMINISMO 
650 4 |a MUJERES 
650 4 |a AMERICA LATINA 
650 4 |a DERECHOS DE LA MUJER 
500 1 |a Pallis, Michael,   |e traductor 
999 |c 10129  |d 10129 
942 |c BK  |h 305.409.8 S631s  |2 z